00196nam a2200073Ia 4500082001600000245004100016100002400057008004100081 a96.312 PAKE 0aThe scramble for Africa : 1876-1912  a PAKENHAM, Thomas 210825s9999 xx 000 0 und d